Lenguajes Ensambladores / Juan Fuster Cabañero (Registro nro. 12083)

Detalles MARC
000 -LÍDER
fixed length control field 00596nam a2200169 4500
008 - ELEMENTOS DE LONGITUD FIJA -- INFORMACIÓN GENERAL
fixed length control field 0 1991 0a 000 0ESP
020 ## - NÚMERO INTERNACIONAL NORMALIZADO PARA LIBROS
ISBN 84-7615-665-0
050 ## - SIGNATURA TOPOGRAFICA DE LA BIBLIOTECA DEL CONGRESO (LC)
Número de Clasificación QA76.6 F995
082 ## - NUMERO DE CLASIFICACION DECIMAL DEWEY
Número de Clasificación 001.642.4 F995
100 ## - ASIENTO PRINCIPAL--NOMBRE PERSONAL
Nombre personal Fuster Cabañero, Juan
245 ## - TÍTULO
Título Lenguajes Ensambladores / Juan Fuster Cabañero
260 ## - PUBLICACIÓN, DISTRIBUCIÓN, ETC. (PIE DE IMPRENTA)
Lugar de publicación, distribución, etc. España: McGraw-Hill
300 ## - DESCRIPCIÓN FÍSICA
Extensión xii, 211 p. / 23 cm.
500 ## - NOTA GENERAL
Nota general Incluye ap‚ndice, índice y bibliografía.
650 ## - ASIENTO SECUNDARIO DE MATERIA - TERMINO TEMÁTICO
Término temático o nombre geográfico como elemento de entrada 1. LENGUAJE DE PROGRAMACION ( COMPUTADORAS ELECTRONICAS)
700 ## - ASIENTO SECUNDARIO - NOMBRE PERSONAL
Nombre personal Perez Aliaga, Francisco J. Coaut. \ Del Valle Ampuero, Juan, Tr.
Existencias
No. biblioteca No. biblioteca Número de clasificación Código de barras/Número de adquisición Número de copia Tipo de material
LUIS G. INCLAN LUIS G. INCLAN 001.642.4 F995 25494 6 Libros
Calzada Tecnológico # 27, Zacatepec, Morelos.
01(734) 343-07-23 / 343-21-10 / 343-21-11
Apdo. Postal 45 C.P 62780